Statistiques concernant Mots en T par définition

Cliquez ici pour prendre le quiz!

Statistiques générales

  • Ce quiz a été pris 209 fois
  • Le résultat moyen est 16 sur 20

Statistiques - réponses

GenreDéfinitionMot% Correct
Nom FémininAppareil servant à la coupe mécanique du gazon.Tondeuse
99%
Nom FémininMeuble composé d'un plateau horizontal reposant sur un ou plusieurs pieds ou supports.Table
93%
Nom FémininAcarien hématophage qui se fixe par la tête dans la peau des animaux (chien, chat) et parfois de l'homme et qui peut transmettre des maladies.Tique
93%
Nom MasculinTube respiratoire permettant de nager en conservant la tête sous l'eau.Tuba
93%
Nom FémininFosse où on enterre un mort ; monument funéraire qui recouvre la fosse.Tombe
91%
Nom MasculinCostume de scène de la danseuse classique porté depuis la période romantique, et constitué par une superposition de jupons de tulle ou de tarlatane ajustés à un maillot.Tutu
91%
Nom FémininPréparation faite d'une abaisse de pâte garnie d'un appareil salé ou sucré et cuite dans un moule.Tarte
89%
Nom MasculinTapis épais fait de nattes en paille de riz tressée, servant en particulier à la pratique des arts martiaux.Tatami
88%
Nom MasculinGalerie souterraine pratiquée pour donner passage à une voie de communication.Tunnel
88%
Nom MasculinAttache pour papiers, formée d'un fil métallique replié sur lui-même.Trombone
86%
Nom FémininLiliacée bulbeuse à grande et belle fleur solitaire en forme de vase, cultivée industriellement. La fleur montre six grands pétales, de couleur très diverse selon la variété culturale.Tulipe
84%
Nom FémininAu théâtre, ce qu'un personnage récite d'un trait sans être interrompu.Tirade
83%
Nom MasculinAu football, action de bloquer, avec le pied, l'action de l'adversaire et, plus spécialement, une glissade, avec un ou deux pieds en avant, destinée à le déposséder du ballon.Tacle
80%
Nom MasculinAssez petit oiseau (rhamphastidé) des forêts d'Amérique tropicale, à bec énorme mais léger, vivement coloré.Toucan
78%
Nom FémininFamilier. Bâtonnet de plastique qui sert à touiller une boisson, généralement délivrée par un distributeur automatique.Touillette
77%
Nom FémininPlante herbacée annuelle (solanacée), dont la culture est très répandue et dont le fruit charnu est consommé sous des formes très variées. Fruit de cette plante, de couleur rouge à jaune selon la variété.Tomate
75%
Nom FémininNom de plusieurs sortes d'outils de maçon, de couvreur et de plâtrier, constitués en général d'une lame d'acier large reliée à un manche par une partie contre-coudée.Truelle
73%
Nom MasculinLarve à grosse tête des amphibiens (anoures et urodèles) et des ascidies.Têtard
70%
Nom MasculinMélange de blé concassé et d'un fin hachis de tomates, de persil, d'oignons et de feuilles de menthe, arrosé d'huile d'olive et de jus de citron. Cuisine libanaise.Taboulé
58%
Nom MasculinMalfaiteur qui fait partie du milieu (gangster, souteneur, etc.).Truand
55%

Distribution des résultats

Percentile par nombre de réponses

% des personnes avec chaque résultat

Votre développement - résultats

Vous n’avez pas pris ce quiz